Safe haven / (Record no. 288842)
[ view plain ]
| 000 -LEADER | |
|---|---|
| fixed length control field | 00816cam a22002654a 4500 |
| 003 - CONTROL NUMBER IDENTIFIER | |
| control field | PILC |
| 005 - DATE AND TIME OF LATEST TRANSACTION | |
| control field | 20151009091849.0 |
| 008 - FIXED-LENGTH DATA ELEMENTS--GENERAL INFORMATION | |
| fixed length control field | 100713s2010 nyu 000 1 eng |
| 010 ## - LIBRARY OF CONGRESS CONTROL NUMBER | |
| LC control number | 2010932492 |
| 020 ## - INTERNATIONAL STANDARD BOOK NUMBER | |
| International Standard Book Number | 9781455500383 |
| 050 00 - LIBRARY OF CONGRESS CALL NUMBER | |
| Classification number | PS 3569.P363 |
| Item number | .Sp736 2010 |
| 100 1# - MAIN ENTRY--PERSONAL NAME | |
| Personal name | Sparks, Nicholas. |
| 245 10 - TITLE STATEMENT | |
| Title | Safe haven / |
| Statement of responsibility, etc | Nicholas Sparks. |
| 250 ## - EDITION STATEMENT | |
| Edition statement | 1st International mass market ed. |
| 260 ## - PUBLICATION, DISTRIBUTION, ETC. (IMPRINT) | |
| Place of publication, distribution, etc | New York : |
| Name of publisher, distributor, etc | Grand Central Pub., |
| Date of publication, distribution, etc | 2011. |
| 300 ## - PHYSICAL DESCRIPTION | |
| Extent | 382 pages ; |
| Dimensions | 18 cm. |
| 500 ## - GENERAL NOTE | |
| General note | Originally published: New York, NY : Hachette Book Group, 2010. |
| 650 #0 - SUBJECT ADDED ENTRY--TOPICAL TERM | |
| Topical term or geographic name as entry element | Young women |
| Form subdivision | Fiction. |
| 650 #0 - SUBJECT ADDED ENTRY--TOPICAL TERM | |
| Topical term or geographic name as entry element | Secrecy |
| Form subdivision | Fiction. |
| 650 #0 - SUBJECT ADDED ENTRY--TOPICAL TERM | |
| Topical term or geographic name as entry element | Man-woman relationships |
| Form subdivision | Fiction. |
| 650 #0 - SUBJECT ADDED ENTRY--TOPICAL TERM | |
| Topical term or geographic name as entry element | Families |
| Form subdivision | Fiction. |
| 651 #0 - SUBJECT ADDED ENTRY--GEOGRAPHIC NAME | |
| Geographic name | Southport (N.C.) |
| Form subdivision | Fiction. |
| 655 ## - INDEX TERM--GENRE/FORM | |
| Genre/form data or focus term | Love stories. |
| 942 ## - ADDED ENTRY ELEMENTS (KOHA) | |
| Source of classification or shelving scheme | Library of Congress Classification |
| Koha item type | Books |
| Call number prefix | Foreign |
| Withdrawn status | Lost status | Source of classification or shelving scheme | Damaged status | Home library | Current library | Shelving location | Date acquired | Source of acquisition | Sub Shelving location | Total Checkouts | Total Renewals | Full call number | Barcode | Date last seen | Date checked out | Price effective from | Koha item type |
|---|---|---|---|---|---|---|---|---|---|---|---|---|---|---|---|---|---|
| Library of Congress Classification | College Library | College Library | Fiction Section | 10/09/2015 | Donation | 4 | 22 | PS 3569.P363 .Sp736 2010 | C20166 | 05/08/2018 | 01/29/2018 | 10/09/2015 | Books |